000 00454nam a2200157 a 4500
001 000028794
005 20240320074002.0
008 110412s1999 dr 000 0 spa d
040 _aDO-SdBNP
_bspa
_cBNPHU
082 _axxx
_bM754p
245 0 0 _aMonseñor Pepén /
_ceditor Rafael Bello Peguero.
260 _aSanto Domingo :
_bAmigo del Hogar,
_c1999.
300 _a51 p. ;
_c21 cm.
700 1 _aBello Peguero, Rafael,
_d1932-2022
_92405
049 _aBNPD
999 _c28286
_d28286